|
|
|
|
| LEADER |
00000naa0a2200000 4500 |
| 001 |
601292 |
| 005 |
20250213130705.0 |
| 035 |
|
|
|a (RuTPU)RU\TPU\tpu\26015
|
| 035 |
|
|
|a RU\TPU\tpu\25180
|
| 090 |
|
|
|a 601292
|
| 100 |
|
|
|a 20141031d1995 k||y0rusy50 ba
|
| 101 |
1 |
|
|a eng
|
| 102 |
|
|
|a RU
|
| 200 |
1 |
|
|a Localized states of defects in ion-irradiated dielectrics
|f F. V. Konusov, A. V. Kabyshev, V. V. Lopatin
|
| 333 |
|
|
|a В фонде НТБ ТПУ отсутствует
|
| 461 |
|
|
|t Physics of the Solid State
|d 1959-
|
| 463 |
|
|
|t Vol. 37, № 7
|v Р.1079-1083
|d 1995
|
| 610 |
1 |
|
|a труды учёных ТПУ
|
| 700 |
|
1 |
|a Konusov
|b F. V.
|c physicist
|c Lead Engineer of Tomsk Polytechnic University, Candidate of physical and mathematical sciences
|f 1958-
|g Fedor Valerievich
|3 (RuTPU)RU\TPU\pers\32570
|9 16491
|
| 701 |
|
1 |
|a Kabyshev
|b A. V.
|c specialist in the field of electric power engineering
|c Professor of Tomsk Polytechnic University, Doctor of physical and mathematical sciences
|f 1958-
|g Alexander Vasilievich
|3 (RuTPU)RU\TPU\pers\32572
|
| 701 |
|
1 |
|a Lopatin
|b V. V.
|c Doctor of physical and mathematical sciences
|c Professor of Tomsk Polytechnic University (TPU)
|f 1947-
|g Vladimir Vasilyevich
|3 (RuTPU)RU\TPU\pers\30091
|
| 801 |
|
1 |
|a RU
|b 63413507
|c 20121002
|
| 801 |
|
2 |
|a RU
|b 63413507
|c 20141031
|g RCR
|
| 942 |
|
|
|c CR
|